00521 2200193 4500001002100000005001500021035002000036007000300056008003900059082001200098084001800110100001600128245004500144260003700189300003400226700002100260700002400281856002200305INLIS00000000000579620200824032357 a0010-0820000043ta200824 | | |  a635.974 a635.974 BAS t1 aBASWARSIATI1 aTeknologi Budidaya Melati Dataran Rendah aMalang :bBPTP Jawa Timur,c2009 a21p. :bilus ;c14 cm X 21 cm0 aDiding Rahmawati0 aDya Prita Saraswati aUK/UPT BPTP Jatim